000 00359nam a2200133Ia 4500
005 20260328101530.0
008 260328s9999||||xx |||||||||||||| ||und||
100 _aBlackwell, Lewis
245 0 _aEdificios Públicos y Culturales,Hoteles y clubs /
_cLewis Blackwell
260 _bGustavo Gili
300 _a150 p.
650 _aARQUITECTURA CIVIL
942 _cBK
999 _c9958
_d9958